L'Espagne inconnue: itinéraires archéologiques
Guardat en:
| Autor principal: | |
|---|---|
| Format: | Llibre |
| Idioma: | francès |
| Publicat: |
París
Bernard Grasset
1954
|
| Matèries: | |
| Etiquetes: |
Afegir etiqueta
Sense etiquetes, Sigues el primer a etiquetar aquest registre!
|
MARC
| LEADER | 00000nam a2200000 a 4500 | ||
|---|---|---|---|
| 001 | UCU2437 | ||
| 003 | CL-VaPUC | ||
| 008 | 960426e19540000FR |||||||||||||||||fre|d | ||
| 082 | 0 | 4 | |a 910.91 |b PIL |2 21 |
| 100 | 0 | |a Pillement, Georges |e author |9 358585 | |
| 245 | 1 | 2 | |a L'Espagne inconnue: itinéraires archéologiques |
| 300 | |a 278 p | ||
| 942 | |c BK | ||
| 945 | |d 19960426 00:00:00 |a rleighto | ||
| 260 | |a París |b Bernard Grasset |c 1954 | ||
| 650 | 0 | |a Ciudades |9 265474 | |
| 650 | 0 | |a Arqueología |9 265619 | |
| 650 | 0 | |a Arquitectura |9 804558 | |
| 650 | 7 | |a CASTILLOS |2 CL-VaPUC |9 358587 | |
| 650 | 0 | |a Monumentos históricos |9 308710 | |
| 650 | 0 | |a Paisajes |9 344660 | |
| 650 | 0 | |a Monasterios |9 266676 | |
| 650 | 0 | |a Iglesias |9 352850 | |
| 651 | 7 | |a VALLADOLID |2 CL-VaPUC |9 358588 | |
| 651 | 7 | |a MALAGA |2 CL-VaPUC |9 354373 | |
| 651 | 7 | |a CARMONA |2 CL-VaPUC |9 358589 | |
| 651 | 7 | |a BURGOS |2 CL-VaPUC |9 352686 | |
| 651 | 7 | |a GUADALUPE |2 CL-VaPUC |9 358590 | |
| 651 | 7 | |a VALENCIA |2 CL-VaPUC |9 314193 | |
| 651 | 7 | |a OVIEDO |2 CL-VaPUC |9 358591 | |
| 583 | |a last modification |c 19960426 00:00:00 |k Rodrigo Vera | ||
| 999 | |c 246732 |d 246730 | ||